| 000 | 00783nam a2200241 4500 | ||
|---|---|---|---|
| 003 | OSt | ||
| 005 | 20240722071432.0 | ||
| 006 | a | ||
| 008 | 240722b |||||||| |||| 00| 0 eng d | ||
| 020 | _a025393403 | ||
| 040 |
_aDWCL-Main lib. _cOC |
||
| 082 | _aCirc. 618.92855 R798l 2007 | ||
| 100 | _aRoseburry-Mckibbin, Celeste | ||
| 245 | _aLanguage disorders in children : a multicultural and case perspective / | ||
| 260 |
_aBoston : _bPearson Education Inc. , _cc2007. |
||
| 300 |
_axxii, _b506 p. : ill. ; _c23 cm. |
||
| 504 | _aIncludes bibliographical references & index. | ||
| 650 | _a1. language disorders in children. | ||
| 650 | _a2. Language and culture. | ||
| 650 | _a3. Multicultural education. | ||
| 650 | _a4. Education. | ||
| 942 |
_2ddc _n0 _cBK-CIRC _kCirc. |
||
| 999 |
_c2536 _d2536 |
||